Statistics for Norman Reedus Filmography

Click here to take the quiz!

General Stats

  • This quiz has been taken 34 times
    (3 since last reset)
  • The average score is 20 of 103

Answer Stats

TypeYearName% Correct
TV Show2010-2022The Walking Dead
100%
TV Show2023The Walking Dead: Daryl Dixon
100%
Film2023The Bikeriders
67%
Documentary Series2021The Walking Dead: Origins
67%
TV Film200613 Graves
33%
Film19998mm
33%
Film20108 Uhr 28
33%
Film2006A Crime
33%
Film2015Air
33%
Film2017Alien Invasion: S.U.M.1
33%
Film2005Antibodies
33%
Film2000Bad Seed
33%
Film2024Ballerina
33%
TV Show2018Ballmastrz: 9009
33%
Film2000Beat
33%
Film2002Blade II
33%
Film2002Deuces Wild
33%
Film1997Floating
33%
Film2000Gossip
33%
Film2011Hello Herman
33%
Film2008Hero Wanted
33%
Film1998I'm Losing You
33%
Film2013Iron Man: Rise of Technovore
33%
Music Video2011Judas
33%
Film1999Let the Devil Wear Black
33%
Film2002Luster
33%
TV Show2005Masters of Horror
33%
Film2010Meskada
33%
Film2009Messengers 2: The Scarecrow
33%
Film1997Mimic
33%
Film2007Moscow Chill
33%
Film2012Night of the Templar
33%
Film2003Nobody Needs to Know
33%
Film2003Octane
33%
Film2009Pandorum
33%
Film2013Pawn Shop Chronicles
33%
Film1998Reach the Rock
33%
Film2008Red Canyon
33%
TV Show2016-PresentRide with Norman Reedus
33%
Film2000Sand
33%
Film1997Six Ways to Sunday
33%
Film2015Sky
33%
Film2013Sunlight Jr.
33%
TV Show2011-2022Talking Dead
33%
Film2001The Beatnicks
33%
Film1999The Boondock Saints
33%
TV Mini-Series2009The Chase
33%
Film2010The Conspirator
33%
Film2005The Notorious Bettie Page
33%
Film2003Tough Luck
33%
Film2016Triple 9
33%
Web Series2012Undead Noise
33%
Film2004Until the Night
33%
Film2015Vacation
33%
Film2005A Lot Like Love
0%
TV Show2016American Dad!
0%
Film2007American Gangster
0%
Commercial2014Beats Solo2
0%
Director2015Blinded
0%
Film2008Cadillac Records
0%
TV Show2003Charmed
0%
Short Film2008Clown
0%
Film1998Dark Harbor
0%
Film1998Davis Is Dead
0%
Short Film2008Dead*Line
0%
Video Game2019Death Stranding
0%
Video Game2024Death Stranding 2
0%
Short Documentary2022Destination Angels
0%
Music Video2020Don't Chase the Dead
0%
Film2008Echoes of Extinction
0%
Music Video1995Fake Plastic Trees
0%
Music Video1995Flat Top
0%
Film2004Great Wall Great Medicine
0%
TV Show2010Hawaii Five-0
0%
Web Series2021Helluva Boss
0%
Short Film2006I Thought of You
0%
Music Video2015It Just Feels
0%
Film2006Killer Queen
0%
TV Show2006Law & Order: Special Victims Unit
0%
Music Video1999Mean to Me
0%
Short Film2008Meet Me in Berlin
0%
Music Video2021Never Look Back
0%
Short Film2010Ollie Klublershturf vs. The Nazis
0%
Documentary2003Overnight
0%
Video Game2014P.T.
0%
TV Show2017Robot Chicken
0%
TV Show2015Saturday Night Live
0%
Music Video1994Shining Road
0%
Music Video1995Strange Currencies
0%
Film2014Stretch
0%
Film2008Styrofoam Soul
0%
Film2009The Boondock Saints II: All Saints Day
0%
Music Video2022The Curse of the Blackened Eye
0%
Short Film2018The Limit
0%
TV Show2011, 2012, 2014The Soup
0%
Video Game2015The Walking Dead: No Man's Land
0%
Video Game2020The Walking Dead: Onslaught
0%
Video Game2013The Walking Dead: Survival Instinct
0%
Web Series2016Turbo FAST
0%
Music Video1994Violently Happy
0%
Web Series2016Voltron: Legendary Defenders
0%
Short Film2006Walls
0%
Music Video1992Wicked as It Seems
0%

Score Distribution

Percentile by Number Answered

Percent of People with Each Score

Your Score History

You have not taken this quiz since the last reset